Estadísticas para Top 10 Países más Meridionales en Europa

Haz click aquí para tomar la prueba!

Estadísticas generales

  • Esta prueba ha sido tomada 980 veces
  • La puntuación promedio es 8 de 10

Estadísticas de respuestas

LatitudPaís% Correcto
34°49'NGrecia
97%
35°30'NItalia
97%
36°00'NEspaña
97%
36°57'NPortugal
94%
35°47'NMalta
92%
40°34'NAlbania
88%
40°52'NMacedonia del Norte
85%
41°15'NBulgaria
81%
40°02′NTurquía
68%
41°11'NRusia
40%

Distribución de puntuación

Porcentaje por número respondido

Porcentaje de gente con cada puntuación

Historial de tus puntuaciones

No has tomado esta prueba